Catálogo

Vista normal Vista MARC

Entrada Personal Name

Número de registros utilizados en: 1

001 - CONTROL NUMBER

  • control field: 13216

003 - CONTROL NUMBER IDENTIFIER

  • control field: DLC

005 - DATE AND TIME OF LATEST TRANSACTION

  • control field: 20220830110313.0

008 - FIXED-LENGTH DATA ELEMENTS

  • fixed length control field: 130828n| azannaabn |a aaa c

010 ## - LIBRARY OF CONGRESS CONTROL NUMBER

  • LC control number: no2013092423

035 ## - SYSTEM CONTROL NUMBER

  • System control number: (OCoLC)oca09554321

040 ## - CATALOGING SOURCE

  • Original cataloging agency: NN
  • Language of cataloging: spa
  • Description conventions: rda
  • Transcribing agency: Mx-PuUPA
  • Modifying agency: DLC
  • Modifying agency: DLC
  • Modifying agency: Mx-PuUPA

046 ## - SPECIAL CODED DATES

  • Birth date: 1974
  • Source of date scheme: edtf

053 #0 - LC CLASSIFICATION NUMBER

  • Classification number element--single number or beginning number of span: PQ6713.A5334

100 1# - HEADING--PERSONAL NAME

  • Personal name: Manzanera, Antonio,
  • Dates associated with a name: 1974-

370 ## - ASSOCIATED PLACE

  • Place of birth: Murcia, España
  • Source of term: naf

374 ## - OCCUPATION

  • Occupation: Economista
  • Occupation: Novelista
  • Occupation: Autor
  • Source of term: lcsh

375 ## - GENDER

  • Gender: hombre

377 ## - ASSOCIATED LANGUAGE

  • Language code: spa

400 1# - SEE FROM TRACING--PERSONAL NAME

  • Personal name: Manzanera Escribano, Antonio,
  • Dates associated with a name: 1974-

400 1# - SEE FROM TRACING--PERSONAL NAME

  • Personal name: Escribano, Antonio Manzanera,
  • Dates associated with a name: 1974-

670 ## - SOURCE DATA FOUND

  • Source citation: El informe muller, 2013:
  • Information found: title page (Antonio Manzanera) cover flap (born 1974 in Murcia, Spain)

670 ## - SOURCE DATA FOUND

  • Source citation: Nuestra parte del trato, 2015:
  • Information found: title page (Antonio Manzanera) front flap (born 1974 in Murcia, Spain) title page verso (Antonio Manzanera Escribano)

670 ## - SOURCE DATA FOUND

  • Source citation: El asesino del acatilado, 2017:
  • Information found: front cover flap (economist and novelist; facebook: Antonio Manzanera Autor; twitter: @ManzaneraAutor)